Erythromycin által elôidézett korai utódepolarizóció megszüntetése mexiletinnel

Elmentve itt :
Bibliográfiai részletek
Szerzők: Krassói Irén
Fazekas Tamás
Katona András
Liszkai Gizella
Varró András
Papp Gyula
Dokumentumtípus: Cikk
Megjelent: 1997
Sorozat:CARDIOLOGIA HUNGARICA 26
Tárgyszavak:
mtmt:1122278
Online Access:http://publicatio.bibl.u-szeged.hu/31724
LEADER 00846nab a2200253 i 4500
001 publ31724
005 20250227102254.0
008 250227s1997 hu o 000 hun d
022 |a 0133-5596 
024 7 |a 1122278  |2 mtmt 
040 |a SZTE Publicatio Repozitórium  |b hun 
041 |a hun 
100 1 |a Krassói Irén 
245 1 0 |a Erythromycin által elôidézett korai utódepolarizóció megszüntetése mexiletinnel  |h [elektronikus dokumentum] /  |c  Krassói Irén 
260 |c 1997 
300 |a 173-177 
490 0 |a CARDIOLOGIA HUNGARICA  |v 26 
650 4 |a Általános orvostudomány 
700 0 1 |a Fazekas Tamás  |e aut 
700 0 1 |a Katona András  |e aut 
700 0 1 |a Liszkai Gizella  |e aut 
700 0 1 |a Varró András  |e aut 
700 0 1 |a Papp Gyula  |e aut 
856 4 0 |u http://publicatio.bibl.u-szeged.hu/31724/1/aok_klny_358_97.pdf  |z Dokumentum-elérés